<?xml version="1.0" encoding="UTF-8"?><?xml-stylesheet type="text/xsl" href="static/style.xsl"?><OAI-PMH xmlns="http://www.openarchives.org/OAI/2.0/" xmlns:xsi="http://www.w3.org/2001/XMLSchema-instance" xsi:schemaLocation="http://www.openarchives.org/OAI/2.0/ http://www.openarchives.org/OAI/2.0/OAI-PMH.xsd"><responseDate>2026-04-17T03:51:35Z</responseDate><request verb="GetRecord" identifier="oai:www.recercat.cat:11351/11165" metadataPrefix="marc">https://recercat.cat/oai/request</request><GetRecord><record><header><identifier>oai:recercat.cat:11351/11165</identifier><datestamp>2024-06-06T08:41:18Z</datestamp><setSpec>com_2072_378070</setSpec><setSpec>com_2072_378040</setSpec><setSpec>col_2072_378092</setSpec></header><metadata><record xmlns="http://www.loc.gov/MARC21/slim" xmlns:dcterms="http://purl.org/dc/terms/" xmlns:xsi="http://www.w3.org/2001/XMLSchema-instance" xmlns:doc="http://www.lyncode.com/xoai" xsi:schemaLocation="http://www.loc.gov/MARC21/slim http://www.loc.gov/standards/marcxml/schema/MARC21slim.xsd">
   <leader>00925njm 22002777a 4500</leader>
   <datafield ind2=" " ind1=" " tag="042">
      <subfield code="a">dc</subfield>
   </datafield>
   <datafield ind2=" " ind1=" " tag="720">
      <subfield code="a">Bartoletti, Michele</subfield>
      <subfield code="e">author</subfield>
   </datafield>
   <datafield ind2=" " ind1=" " tag="720">
      <subfield code="a">Montico, Marcella</subfield>
      <subfield code="e">author</subfield>
   </datafield>
   <datafield ind2=" " ind1=" " tag="720">
      <subfield code="a">Lorusso, Domenica</subfield>
      <subfield code="e">author</subfield>
   </datafield>
   <datafield ind2=" " ind1=" " tag="720">
      <subfield code="a">Mazzeo, Roberta</subfield>
      <subfield code="e">author</subfield>
   </datafield>
   <datafield ind2=" " ind1=" " tag="720">
      <subfield code="a">OAKNIN, ANA</subfield>
      <subfield code="e">author</subfield>
   </datafield>
   <datafield ind2=" " ind1=" " tag="720">
      <subfield code="a">Musacchio, lucia</subfield>
      <subfield code="e">author</subfield>
   </datafield>
   <datafield ind2=" " ind1=" " tag="260">
      <subfield code="c">2024-03-06T13:51:17Z</subfield>
   </datafield>
   <datafield ind2=" " ind1=" " tag="260">
      <subfield code="c">2024-03-06T13:51:17Z</subfield>
   </datafield>
   <datafield ind2=" " ind1=" " tag="260">
      <subfield code="c">2024-02-27</subfield>
   </datafield>
   <datafield ind2=" " ind1=" " tag="520">
      <subfield code="a">Endometrial cancer; Immunotherapy</subfield>
   </datafield>
   <datafield ind2=" " ind1=" " tag="520">
      <subfield code="a">Càncer d'endometri; Immunoteràpia</subfield>
   </datafield>
   <datafield ind2=" " ind1=" " tag="520">
      <subfield code="a">Cáncer de endometrio; Inmunoterapia</subfield>
   </datafield>
   <datafield ind2=" " ind1=" " tag="520">
      <subfield code="a">Importance&#xd;
Various randomized trials have explored the efficacy of combining immune checkpoint inhibitors (ICIs) with first-line chemotherapy in advanced endometrial cancer. We aimed to summarize available data and clarify the benefit of adding immunotherapy according to the DNA mismatch repair status (deficient, dMMR or proficient, pMMR) and the specific type of agent used (anti-PD1 or anti-PD-L1).&#xd;
Objective&#xd;
To assess whether the addition of ICIs to standard platinum-based chemotherapy enhances progression-free survival (PFS) for patients with advanced endometrial cancer both overall and based on DNA mismatch repair status.&#xd;
Data sources&#xd;
Electronic databases (PubMed, Embase and Cochrane Library) and conference proceedings were searched for first line, randomized and controlled trials integrating ICIs with chemotherapy for the treatment of advanced endometrial cancer published or presented by November 1, 2023.&#xd;
Study selection&#xd;
Five studies, comprising 2456 patients (1308 received ICIs with chemotherapy and 1148 treated with chemotherapy alone) met the selection criteria and were included in the analysis. Experimental arms included pembrolizumab, dostarlimab (anti-PD1) and durvalumab, atezolizumab and avelumab (anti-PD-L1) combined with standard three-weekly carboplatin-paclitaxel chemotherapy backbone. Endometrial carcinosarcoma were included in 3 out of 5 trials.&#xd;
Data extraction and synthesis&#xd;
For comparison of PFS outcomes, extrapolation of hazard ratios (HRs), 95% confidence intervals (CI) and PFS events was performed for each included study in the overall population and according to subgroups. Data analysis was conducted using a random-effects model.&#xd;
Results&#xd;
The addition of ICIs to chemotherapy improved PFS compared to chemotherapy alone in the overall population (pooled HR, 0.63; 95 % CI, 0.52––0.76; P &lt;.001). In the dMMR subgroup the benefit was more pronounced (pooled HR, 0.34; 95 % CI, 0.27––0.44; P &lt;.001) and not affected by drugs used with pooled HRs of 0.39 (95 % CI, 0.28––0.55; P &lt;.001) and 0.34 (95 % CI, 0.27––0.44; P &lt;.001) for PD-L1 and PD1 inhibitors, respectively. For pMMR patients, a statistically significant benefit in terms of PFS was confirmed only when anti-PD1 were used (anti-PD-1: HR 0.64, 95 % CI: 0.46–0.90, P =.010 vs anti-PD-L1: HR 0.87, 95 % CI: 0.73–1.03, P =.104)&#xd;
Conclusions and relevance&#xd;
This meta-analysis confirmed the advantage in terms of PFS of adding ICIs to standard platinum-based chemotherapy. While dMMR patients benefit from the incorporation of both anti PD-1 or anti PD-L1, this benefit is confined to the association of anti-PD1 agents in pMMR patients. Updated analysis of trials is awaited to clarify the impact of immunotherapy on overall survival.</subfield>
   </datafield>
   <datafield ind1="8" ind2=" " tag="024">
      <subfield code="a">http://hdl.handle.net/11351/11165</subfield>
   </datafield>
   <datafield tag="653" ind2=" " ind1=" ">
      <subfield code="a">Endometri - Càncer - Tractament</subfield>
   </datafield>
   <datafield tag="653" ind2=" " ind1=" ">
      <subfield code="a">Quimioteràpia combinada</subfield>
   </datafield>
   <datafield tag="653" ind2=" " ind1=" ">
      <subfield code="a">Avaluació de resultats (Assistència sanitària)</subfield>
   </datafield>
   <datafield tag="653" ind2=" " ind1=" ">
      <subfield code="a">ANALYTICAL, DIAGNOSTIC AND THERAPEUTIC TECHNIQUES, AND EQUIPMENT::Therapeutics::Therapeutics::Drug Therapy::Antineoplastic Protocols::Therapeutics::Drug Therapy::Antineoplastic Combined Chemotherapy Protocols</subfield>
   </datafield>
   <datafield tag="653" ind2=" " ind1=" ">
      <subfield code="a">DISEASES::Neoplasms::Neoplasms by Site::Urogenital Neoplasms::Genital Neoplasms, Female::Uterine Neoplasms::Endometrial Neoplasms</subfield>
   </datafield>
   <datafield tag="653" ind2=" " ind1=" ">
      <subfield code="a">Other subheadings::Other subheadings::Other subheadings::/drug therapy</subfield>
   </datafield>
   <datafield tag="653" ind2=" " ind1=" ">
      <subfield code="a">HEALTH CARE::Health Services Administration::Quality of Health Care::Outcome and Process Assessment (Health Care)::Outcome Assessment (Health Care)::Treatment Outcome::Progression-Free Survival</subfield>
   </datafield>
   <datafield tag="653" ind2=" " ind1=" ">
      <subfield code="a">TÉCNICAS Y EQUIPOS ANALÍTICOS, DIAGNÓSTICOS Y TERAPÉUTICOS::terapéutica::terapéutica::farmacoterapia::protocolos antineoplásicos::terapéutica::farmacoterapia::protocolos de quimioterapia antineoplásica combinada</subfield>
   </datafield>
   <datafield tag="653" ind2=" " ind1=" ">
      <subfield code="a">ENFERMEDADES::neoplasias::neoplasias por localización::neoplasias urogenitales::neoplasias de los genitales femeninos::neoplasias uterinas::neoplasias endometriales</subfield>
   </datafield>
   <datafield tag="653" ind2=" " ind1=" ">
      <subfield code="a">Otros calificadores::Otros calificadores::Otros calificadores::/farmacoterapia</subfield>
   </datafield>
   <datafield tag="653" ind2=" " ind1=" ">
      <subfield code="a">ATENCIÓN DE SALUD::administración de los servicios de salud::calidad de la atención sanitaria::evaluación de resultados y procesos (atención a la salud)::evaluación del desenlace (asistencia sanitaria)::resultado del tratamiento::supervivencia libre de progresión</subfield>
   </datafield>
   <datafield ind2="0" ind1="0" tag="245">
      <subfield code="a">Incorporation of anti-PD1 or anti PD-L1 agents to platinum-based chemotherapy for the primary treatment of advanced or recurrent endometrial cancer. A meta-analysis</subfield>
   </datafield>
</record></metadata></record></GetRecord></OAI-PMH>